000 00320nam a2200109Ia 4500
008 171211s9999 xx 000 0 und d
245 _aFinal Fantasy: The 4 Heroes of Light Official Strategy Guide
245 _cBradyGames
260 _c2010
650 _xGAMES
856 _uhttp://down.ebook777.com/057/9780744012552.pdf
999 _c348902
_d348902